000 02426cam a22002174a 4500
005 20250605164037.0
008 250528s ||||||||||||||||||||||||d
035 _a16862
020 _a9602867809
040 _aGR-AtMCL
_bgre
_dGR-AtMCL
_eAACR2
245 1 _aΟικογενειακή Θεραπεία / Μια Επισκόπηση: Πρώτη Ελληνική Έκδοση
250 _a
260 _bΊων,
_c2005
300 _a584
520 _aΌψεις της Οικογενειακής Θεραπείας, Υιοθετώντας Ένα Πλαίσιο Οικογενειακών Σχέσεων, Η Εξέλιξη της Οικογένειας: Συνέχεια και Αλλαγή, Το Φύλο και ο Πολιτισμός και η Εθνικότητα ως Παράγοντες στη Λειτουργία, Η Οικογένεια ως Ψυχοκοινωνικό Σύστημα, Η Εξέλιξη της Οικογενειακής Θεραπείας, Προέλευση και Ανάπτυξη της Οικογενειακής Θεραπείας, Τα Βασικά Μοντέλα της Οικογενειακής Θεραπείας, Ψυχοδυναμικά Μοντέλα, Εμπειρικά Μοντέλα, Διαγενεαλογικά Μοντέλα, Το Δομικό Μοντέλο, Στρατηγικά Μοντέλα, Το Μοντέλο του Μιλάνου, Γνωστικά - Συμπεριφοριστικά Μοντέλα, Εξελισσόμενα Μοντέλα Οικογενειακής Θεραπείας, Μεταμοντερνισμός και Κοινωνικές Κονστρουκτιβιοτικές Οικογενειακές Θεραπείες, Ψυχοεκπαιδευτική Οικογενειακή Θεραπεία, Ψυχοεκπαιδευτική Οικογενειακή Θεραπεία, Ερευνητικά και Εκπαιδευτικά και Επαγγελματικά Ζητήματα, 'Ερευνες στην Οικογενειακή Θεραπεία, Πώς Γίνεσαι Οικογενειακός Θεραπευτής: Εκπαίδευση και Εποπτεία, Επαγγελματικά Ζητήματα και Ηθικές Πρακτικές, Παραρτήματα, Γλωσσάρι, Βιβλιογραφία.
700 1 _aGoldenberg Herbert
_92946
700 1 _aGoldenberg Irene
_92947
942 _cBK
999 _c2314
_d2314